LEADER 00918nam a22002651i 4500 001 991004162069707536 005 20030226204607.0 008 020819s1973 it |||||||||||||||||ita 035 $ab11926867-39ule_inst 035 $aocm00000008$9ExL 040 $aDip.to Filologia Ling. e Lett.$bita$cA.t.i. Arché s.c.r.l. Pandora Sicilia s.r.l. 082 04$a843.91 100 1 $aBataille, Georges$0126056 245 12$aL'abate C /$cGeorges Bataille ; a cura di Franco Rella 260 $aVerona :$bBertani,$c[1973] 300 $a188 p. ;$c20 cm 490 0 $aTesti [Bertani] 700 1 $aRella, Franco 765 0 $tabbé C 907 $a.b11926867$b28-04-17$c01-04-03 912 $a991004162069707536 945 $aLE008 TS C I 7$g1$i2008000377823$lle008$o-$pE0.00$q-$rl$s- $t0$u0$v0$w0$x0$y.i1219864x$z01-04-03 996 $aAbate C$992427 997 $aUNISALENTO 998 $ale008$b01-04-03$cm$da $e-$fita$git $h2$i1 LEADER 00976nam a22002651i 4500 001 991001224969707536 005 20031024124019.0 008 040407s1972 gw |||||||||||||||||ger 020 $a311001758X 035 $ab12737872-39ule_inst 035 $aARCHE-071751$9ExL 040 $aDip.to Scienze Storiche$bita$cA.t.i. Arché s.c.r.l. Pandora Sicilia s.r.l. 082 04$a270.4 100 1 $aBerschin, Walter$0167033 245 10$aBonizo von Sutri :$bLeben und werk /$cvon Walter Berschin 260 $aBerlin :$bDe Gruyter,$c1972 300 $a171 p. ;$c24 cm 440 0$aBeitrage zur Geschichte und Quellenkunde des Mittelalters 650 4$aBonizone di Sutri 907 $a.b12737872$b02-04-14$c16-04-04 912 $a991001224969707536 945 $aLE009 STOR.12.1-71$g1$i2009000122772$lle009$o-$pE0.00$q-$rl$s- $t0$u0$v0$w0$x0$y.i13273395$z16-04-04 996 $aBonizo von Sutri$913229 997 $aUNISALENTO 998 $ale009$b16-04-04$cm$da $e-$fger$ggw $h0$i1